INTRODUCTION TO MASS COMMUNICATION AND JOURNALISM (Record no. 216153)

MARC details
000 -LEADER
fixed length control field 00502nam a22001697a 4500
008 - FIXED-LENGTH DATA ELEMENTS--GENERAL INFORMATION
fixed length control field 251110b |||||||| |||| 00| 0 eng d
020 ## - INTERNATIONAL STANDARD BOOK NUMBER
International Standard Book Number 979-8-88715-095-6
050 ## - LIBRARY OF CONGRESS CALL NUMBER
Classification number PN 4731 .T 36 2023
Item number 1
100 ## - MAIN ENTRY--PERSONAL NAME
Personal name TAPPING, LINDA
245 ## - TITLE STATEMENT
Title INTRODUCTION TO MASS COMMUNICATION AND JOURNALISM
260 ## - PUBLICATION, DISTRIBUTION, ETC.
Place of publication, distribution, etc. DUBLIN,
Name of publisher, distributor, etc. ORYSON PRESS,
Date of publication, distribution, etc. 2023,
300 ## - PHYSICAL DESCRIPTION
Extent VI, 289P,ILL
500 ## - GENERAL NOTE
General note INCLUDES INDEX
650 ## - SUBJECT ADDED ENTRY
Topical term or geographic name entry element 1. MASS MEDIA 2. JOURNALISM- STUDY AND TEACHING
942 ## - ADDED ENTRY ELEMENTS (KOHA)
Source of classification or shelving scheme Library of Congress Classification
Koha item type Long Loan Book
Holdings
Withdrawn status Lost status Source of classification or shelving scheme Damaged status Not for loan Home library Current library Date acquired Inventory number Total checkouts Full call number Barcode Date last seen Copy number Price effective from Koha item type Collection
    Library of Congress Classification     Kisii University Library Kisii University Library 11/10/2025 109641   PN 4731. T36 2023 000000017888 11/10/2025 C.1 11/10/2025 Long Loan Book  
    Library of Congress Classification     Kisii University Library Kisii University Library 11/10/2025 109642   PN 4731. T36 2023 000000017887 11/10/2025 C.2 11/10/2025 Long Loan Book  
    Library of Congress Classification     Kisii University Library Kisii University Library 11/10/2025 109643   PN 4731. T36 2023 000000017886 11/10/2025 C.3 11/10/2025 Long Loan Book  
    Library of Congress Classification     Kisii University Library Kisii University Library 11/10/2025 109644   PN 4731. T36 2023 000000017885 11/10/2025 C.4 11/10/2025 Long Loan Book  
    Library of Congress Classification     Kisii University Library Kisii University Library 11/20/2025 109910   PN 4731 .T36 2023 000000002870 11/20/2025 5 11/20/2025 Long Loan Book Arts & Social Sciences
    Library of Congress Classification     Kisii University Library Kisii University Library 11/20/2025 109911   PN 4731 .T36 2023 000000002869 11/20/2025 6 11/20/2025 Long Loan Book Arts & Social Sciences
    Library of Congress Classification     Kisii University Library Kisii University Library 11/20/2025 109912   PN 4731 .T36 2023 000000000414 11/20/2025 7 11/20/2025 Long Loan Book Arts & Social Sciences
    Library of Congress Classification     Kisii University Library Kisii University Library 11/20/2025 109913   PN 4731 .T36 2023 000000001230 11/20/2025 8 11/20/2025 Long Loan Book Arts & Social Sciences